00252 a2200109 4500001000700000020000600007040001100013100002000024240004700044245004200091362000900133169354 a  cMagnum aRamos, Jania M.10aO espaco da oralidade na sala de aulalpor10aO espaco da oralidade na sala de aula0 a1899